The third culture beyond the scientific revolution (Record no. 4660)
[ view plain ]
| 000 -LEADER | |
|---|---|
| fixed length control field | 00422nam a2200157Ia 4500 |
| 005 - DATE AND TIME OF LATEST TRANSACTION | |
| control field | 20260511200431.0 |
| 008 - FIXED-LENGTH DATA ELEMENTS--GENERAL INFORMATION | |
| fixed length control field | 260511s9999 xx 000 0 und d |
| 100 ## - MAIN ENTRY--AUTHOR | |
| Author Name | Brockman, John |
| 245 #4 - TITLE STATEMENT | |
| Title | The third culture beyond the scientific revolution |
| 650 ## - SUBJECT ADDED ENTRY--TOPICAL TERM | |
| Subject / Department | Computer Science |
| 650 ## - SUBJECT ADDED ENTRY--TOPICAL TERM | |
| Subject / Department | Creative Technology |
| 650 ## - SUBJECT ADDED ENTRY--TOPICAL TERM | |
| Subject / Department | Cybersecurity |
| 650 ## - SUBJECT ADDED ENTRY--TOPICAL TERM | |
| Subject / Department | Games Development |
| 650 ## - SUBJECT ADDED ENTRY--TOPICAL TERM | |
| Subject / Department | Software Engineering |
| 942 ## - ADDED ENTRY ELEMENTS (KOHA) | |
| Koha item type | Book |
| Withdrawn status | Lost status | Damaged status | Not for loan | Collection code | Permanent Location | Current Location | Shelving Location | Date acquired | Full Call Number | Accession No./Barcode | Koha item type |
|---|---|---|---|---|---|---|---|---|---|---|---|
| Air University Central Library Islamabad | Air University Central Library Islamabad | 05/08/2013 | 500 BRO | P5181 | Book |







